Norske Byer - Statistics

General Stats
  • This quiz has been taken 547 times
  • The average score is 14 of 23
Answer Stats
Norske byer Answer % Correct
x Oslo
99%
x Bergen
97%
x Trondheim
96%
x Stavanger
93%
x Tromsø
87%
x Kristiansand
85%
x Bodø
80%
x Drammen
68%
x Ålesund
66%
x Fredrikstad
64%
x Molde
64%
x Lillehammer
59%
x Hamar
58%
x Haugesund
50%
x Sarpsborg
49%
x Arendal
48%
x Moss
45%
x Tønsberg
42%
x Lillestrøm
40%
x Sandefjord
38%
x Kirkenes
32%
x Mo i Rana
29%
x Jessheim
17%
No matching quizzes found
Score Distribution
Percent of People with Each Score
Percentile by Number Answered
Your Score History
You have not taken this quiz